000 01328cab a2200181 4500
001 L130311
008 050714n2005 000 0 eng u
035 _a(Sirsi) u130311
041 _aeng
100 _aIves, Paul
245 _aValuing the business
260 _c2005
490 _aLetting Update Journal
_v13(2) July 2005, 18-19(2)
520 _aExplores the options and issues involved with valuing a letting business in the last article in a series examining different aspects of developing and running a profitable property management business. Suggests that there are some valuation guidelines within the industry such as the value of the business being acquired is increased considerably if it can be carried out from the purchaser's exisiting offices. But valuation of a business is not an exact science. Describes the five steps that Leaders, an acquisitive specialist letting agent, follows to determine what should be paid for a business. Discusses the importance of the quality of an acquisition, making sure that the consideration for the business is actually paid, earnout arrangements and due diligence. Outlines a range of business valuation methods and provides further sources of information.
590 _aIKA190705
690 _aPROPERTY-RESIDENTIAL PROPERTY-RESIDENTIAL PROPERTY AGENCY
942 _n0
999 _c75543
_d75543